ნორმალური ფორმატი
MARC ფორმატი
ჩანაწერი Personal Name
ჩანაწერთა რაოდენობა, რომელიც გამოყენებულია: 1
001 - CONTROL NUMBER
- control field: 19248
003 - CONTROL NUMBER IDENTIFIER
- control field: GE_BSU
005 - DATE AND TIME OF LATEST TRANSACTION
- control field: 20230711171736.0
008 - FIXED-LENGTH DATA ELEMENTS
- fixed length control field: 230711|| aca||aabn | a|a d
040 ## - CATALOGING SOURCE
- Original cataloging agency: GE_BSU
- Transcribing agency: GE_BSU
100 ## - HEADING--PERSONAL NAME
- Personal name: თოფურიძე, ე.
670 ## - SOURCE DATA FOUND
- Source citation: Work cat.: (GE_BSU)55997: სტერნი, ლორენს 19247, თხზულებანი : ჯენტლმენ ტრისტამ შენდის ცხოვრება და შეხედულებანი; სენტიმენტალური მოგზაურობა საფრანგეთსა და იტალიაში; მემუარები /
